Football - Pays ayant gagnés la Copa america (Mort Subite) - Statistiques

Statistiques générales
  • Ce quiz a été pris 121 fois
  • Le résultat moyen est 4 sur 8
Answers on the Grid
Answers color-coded by a green-red scale on the quiz's grid according to % correct below.
Brésil
Argentine
Uruguay
Colombie
Paraguay
Chili
Pérou
Bolivie
Venezuela
Équateur
Guyana
Suriname
Mexique
Guatemala
Panama
Costa Rica
 
Statistiques - réponses
Réponse % Correct
Argentine
89%
Brésil
87%
Uruguay
79%
Colombie
64%
Chili
58%
Pérou
29%
Paraguay
21%
Bolivie
18%
Aucun quiz correspondant
Distribution des résultats
% des personnes avec chaque résultat
Percentile par nombre de réponses
Votre historique - résultats
Vous n’avez pas pris ce quiz